[Event "2nd EUR-ch"]
[Site "Ohrid MKD"]
[Date "2001.06.01"]
[Round "1"]
[White "Volkov, Sergei"]
[Black "Kutirov, Rolando"]
[Result "1/2-1/2"]
[WhiteElo "2558"]
[BlackElo "2381"]
[EventDate "2001.06.01"]
[PlyCount "105"]

1.d4 d5 2.c4 c6 3.Nc3 Nf6 4.e3 e6 5.Bd2 Nbd7 6.Rc1 Bd6 7.c5 Bc7 8.f4 O-O 
9.Nf3 b6 10.b4 a5 11.b5 bxc5 12.bxc6 cxd4 13.exd4 Nb6 14.Nb5 Ne4 15.Bd3 
Ba6 16.O-O Nc4 17.Bxc4 dxc4 18.a4 Bxb5 19.axb5 Qd5 20.Qe2 Rfb8 21.Qxc4 
Rxb5 22.Qxd5 exd5 23.Rc2 f6 24.f5 Kf7 25.Bc1 Rab8 26.Nd2 Nxd2 27.Bxd2 Rb2 
28.Rfc1 g6 29.Rxb2 Rxb2 30.Bxa5 Bxa5 31.c7 Bxc7 32.Rxc7+ Kg8 33.Rc5 gxf5 
34.Rxd5 Rd2 35.Rd7 Kf8 36.Rxh7 Rxd4 37.Kf2 Kg8 38.Re7 Kf8 39.Rh7 Kg8 40.
Rc7 Rb4 41.h3 Re4 42.Kf3 Kf8 43.g3 Kg8 44.h4 Kf8 45.Rh7 Ra4 46.Rh5 Ra5 47.
Kf4 Ra4+ 48.Kf3 Ra3+ 49.Kg2 Ra2+ 50.Kh3 Rf2 51.Rh7 Kg8 52.Rd7 f4 53.gxf4 
1/2-1/2

[Event "2nd EUR-ch"]
[Site "Ohrid MKD"]
[Date "2001.06.01"]
[Round "1"]
[White "Stamenkov, Vanco"]
[Black "Ruck, Robert"]
[Result "0-1"]
[WhiteElo "2380"]
[BlackElo "2557"]
[EventDate "2001.06.01"]
[PlyCount "67"]

1.Nf3 Nf6 2.c4 c5 3.Nc3 Nc6 4.g3 d5 5.cxd5 Nxd5 6.Bg2 Nc7 7.O-O e5 8.d3 
Be7 9.Be3 O-O 10.Rc1 Bd7 11.Nd2 Rb8 12.Nde4 b6 13.f4 exf4 14.gxf4 Nd4 15.
Ng3 Re8 16.Bf2 Bf8 17.e4 Bc8 18.Kh1 Ba6 19.Qg4 g6 20.f5 Nc6 21.fxg6 hxg6 
22.Nh5 Ne5 23.Qg3 Bxd3 24.Be3 Bxf1 25.Rxf1 Re6 26.Nd5 Be7 27.Bf4 Bh4 28.
Qc3 Nb5 29.Qh3 gxh5 30.Qf5 Nd6 31.Qxh5 Ng6 32.Bxd6 Qxd6 33.Rxf7 Kxf7 34.
Qh7+ 0-1

[Event "2nd EUR-ch"]
[Site "Ohrid MKD"]
[Date "2001.06.01"]
[Round "1"]
[White "Weiss, Christian"]
[Black "Socko, Bartosz"]
[Result "1-0"]
[WhiteElo "2368"]
[BlackElo "2554"]
[EventDate "2001.06.01"]
[PlyCount "75"]

1.g3 g6 2.Bg2 Bg7 3.c4 c5 4.Nc3 Nc6 5.e3 e5 6.Nge2 Nge7 7.O-O d6 8.f4 O-O 
9.d3 Rb8 10.Nd5 Nxd5 11.cxd5 Ne7 12.fxe5 Bxe5 13.Rb1 b5 14.e4 b4 15.Bh6 
Re8 16.Qd2 Bg4 17.Nf4 Qc8 18.h3 Bd7 19.Kh2 Kh8 20.Ne2 f6 21.Bf4 Ng8 22.b3 
a5 23.d4 cxd4 24.Nxd4 Qa6 25.Rfc1 Rbc8 26.Be3 Ne7 27.Bf1 Qb7 28.Bc4 Ng8 
29.Rf1 Ra8 30.Rbc1 a4 31.Nc6 Bc3 32.Qg2 axb3 33.Bxb3 Rac8 34.Nd4 Qa6 35.
Ne6 Qd3 36.Qf3 Bd2 37.Rxc8 Rxc8 38.Bh6 1-0

[Event "2nd EUR-ch"]
[Site "Ohrid MKD"]
[Date "2001.06.01"]
[Round "1"]
[White "Turov, Maxim"]
[Black "Kizov, Atanas"]
[Result "1/2-1/2"]
[WhiteElo "2553"]
[BlackElo "2368"]
[EventDate "2001.06.01"]
[PlyCount "65"]

1.e4 e5 2.Nf3 Nc6 3.Bb5 Nf6 4.d3 d6 5.O-O g6 6.d4 Bd7 7.Re1 Bg7 8.Bxc6 
Bxc6 9.dxe5 Nxe4 10.Qd3 dxe5 11.Rxe4 Bxe4 12.Qxe4 Qd1+ 13.Qe1 O-O-O 14.Nc3
Qxe1+ 15.Nxe1 e4 16.Bg5 Rd4 17.Kf1 Rb4 18.Nd1 Rb5 19.Be3 Rd8 20.Ke2 f5 21.
f3 exf3+ 22.gxf3 Rb4 23.Nd3 Rh4 24.f4 Re8 25.Kd2 Rxh2+ 26.N1f2 Rg2 27.Rh1 
h6 28.Rh3 g5 29.fxg5 hxg5 30.Ne1 Rg1 31.Nf3 Rg2 32.Ne1 Rg1 33.Nf3 1/2-1/2

[Event "2nd EUR-ch"]
[Site "Ohrid MKD"]
[Date "2001.06.01"]
[Round "1"]
[White "Gunnarsson, Jon Viktor"]
[Black "Nataf, Igor-Alexandre"]
[Result "1/2-1/2"]
[WhiteElo "2366"]
[BlackElo "2552"]
[EventDate "2001.06.01"]
[PlyCount "68"]

1.e4 c5 2.Nf3 Nc6 3.d4 cxd4 4.Nxd4 e5 5.Nb5 d6 6.c4 Be7 7.N1c3 a6 8.Na3 f5
9.Bd3 f4 10.Nc2 Nh6 11.b3 O-O 12.Nd5 Bg5 13.Bb2 Be6 14.f3 Bh4+ 15.Kd2 Rc8 
16.Qe2 Kh8 17.Rag1 b5 18.g3 bxc4 19.bxc4 fxg3 20.hxg3 Bf6 21.f4 Bg4 22.Qf2
Na5 23.Nce3 exf4 24.Nxf6 fxe3+ 25.Qxe3 Nxc4+ 26.Bxc4 Rxc4 27.Rxh6 Qa5+ 28.
Kd3 gxf6 29.Rxf6 Rxf6 30.Qf4 Kg8 31.Qxf6 Be2+ 32.Ke3 Qc5+ 33.Bd4 Qa3+ 34.
Kf2 Qf3+ 1/2-1/2

[Event "2nd EUR-ch"]
[Site "Ohrid MKD"]
[Date "2001.06.01"]
[Round "1"]
[White "Vasovski, Nikola"]
[Black "Chuchelov, Vladimir"]
[Result "0-1"]
[WhiteElo "2359"]
[BlackElo "2550"]
[EventDate "2001.06.01"]
[PlyCount "60"]

1.Nf3 Nf6 2.g3 d5 3.Bg2 c6 4.O-O Bg4 5.d4 e6 6.Nbd2 Nbd7 7.Re1 Be7 8.e4 
O-O 9.c3 h6 10.Qb3 Qc7 11.h3 Bh5 12.e5 Ne8 13.c4 dxc4 14.Nxc4 Nb6 15.Bd2 
Nxc4 16.Qxc4 Qb6 17.Be3 Qb4 18.Qc1 Nc7 19.a3 Qa4 20.Nd2 Nd5 21.Be4 Rad8 
22.b3 Qa6 23.Qc2 f5 24.exf6 Bxf6 25.Bg6 Bxg6 26.Qxg6 Nxe3 27.fxe3 c5 28.
Nf3 cxd4 29.exd4 Rxd4 30.Rac1 Qd3 0-1

[Event "2nd EUR-ch"]
[Site "Ohrid MKD"]
[Date "2001.06.01"]
[Round "1"]
[White "Stojanovski, Dejan"]
[Black "Narciso Dublan, Marc"]
[Result "1/2-1/2"]
[WhiteElo "2351"]
[BlackElo "2544"]
[EventDate "2001.06.01"]
[PlyCount "67"]

1.e4 d5 2.exd5 Qxd5 3.Nc3 Qa5 4.d4 Nf6 5.Nf3 c6 6.Bc4 Bf5 7.Bd2 e6 8.Nd5 
Qd8 9.Nxf6+ Qxf6 10.Qe2 Bd6 11.O-O-O Bg4 12.Kb1 Nd7 13.Bc3 Bxf3 14.gxf3 
Qe7 15.Rhg1 Rg8 16.f4 Bxf4 17.Qe4 Bxh2 18.Qxh7 Bxg1 19.Qxg8+ Qf8 20.Qxf8+ 
Kxf8 21.Rxg1 Nf6 22.Bb4+ Kg8 23.Be7 Ne4 24.f3 Nd2+ 25.Kc1 Nxc4 26.Bf6 Kh7 
27.Rxg7+ Kh6 28.b3 Ne3 29.c4 Nf5 30.Rg2 Rc8 31.Be5 Rd8 32.Rh2+ Kg5 33.Rg2+
Kh5 34.Rh2+ 1/2-1/2

[Event "2nd EUR-ch"]
[Site "Ohrid MKD"]
[Date "2001.06.01"]
[Round "1"]
[White "Bezgodov, Alexei"]
[Black "Basagic, Zlatko"]
[Result "0-1"]
[WhiteElo "2543"]
[BlackElo "2345"]
[EventDate "2001.06.01"]
[PlyCount "90"]

1.e4 e5 2.Nf3 Nc6 3.Bb5 Nf6 4.O-O d6 5.d4 Bd7 6.Re1 Be7 7.c4 exd4 8.Nxd4 
O-O 9.Nc3 Nxd4 10.Bxd7 Nxd7 11.Qxd4 Bf6 12.Qd2 Re8 13.b3 Bxc3 14.Qxc3 Nc5 
15.Bb2 f6 16.Qd4 Kh8 17.Rad1 Ne6 18.Qd5 Qc8 19.Bc1 Nd8 20.Re3 Qe6 21.Rde1 
c6 22.Qh5 Qf7 23.Qh4 Ne6 24.Rh3 Nf8 25.Ba3 Rad8 26.Rd1 Qe6 27.Re3 Qe5 28.
f4 Qa5 29.Bxd6 Qxa2 30.Qe1 Ne6 31.f5 Ng5 32.e5 Nf7 33.Rd2 Qa5 34.b4 Qa6 
35.Qc1 Nxe5 36.Bxe5 fxe5 37.Rxe5 Qb6+ 38.c5 Qxb4 39.Rd7 Rf8 40.Ree7 Rxd7 
41.Rxd7 h6 42.Qa1 Qxc5+ 43.Kh1 Rf6 44.Rxb7 Qxf5 45.Qxa7 Qd3 0-1

[Event "2nd EUR-ch"]
[Site "Ohrid MKD"]
[Date "2001.06.01"]
[Round "1"]
[White "Gicev, Blagoja"]
[Black "Jobava, Baadur"]
[Result "0-1"]
[WhiteElo "2336"]
[BlackElo "2543"]
[EventDate "2001.06.01"]
[PlyCount "92"]

1.e4 c5 2.Nf3 d6 3.d4 Nf6 4.Nc3 cxd4 5.Nxd4 Nc6 6.Be2 e5 7.Nb3 Be7 8.O-O 
O-O 9.f4 exf4 10.Bxf4 Be6 11.Kh1 Rc8 12.Qe1 Ne8 13.Rd1 Bg5 14.Bg3 a6 15.e5
d5 16.Bf3 Nb4 17.Qe2 Nc7 18.a3 Nc6 19.Ne4 Bh4 20.Bf4 Qe7 21.Nc3 Rcd8 22.
Be3 d4 23.Nxd4 Nxe5 24.Nxe6 Rxd1 25.Rxd1 Nxe6 26.Nd5 Qe8 27.Bg1 Nxf3 28.
Qxf3 Qa4 29.Ne3 Qb5 30.b3 Rd8 31.Rxd8+ Bxd8 32.Nc4 Qd7 33.h3 Bc7 34.Qxb7 
g6 35.Qf3 Nd4 36.Qd3 Nf5 37.Bh2 Qe7 38.Bxc7 Qxc7 39.g4 Nh4 40.Kg1 Qe7 41.
Kf2 Qf6+ 42.Ke2 Ng2 43.Qd6 Qh4 44.Qxa6 Qe1+ 45.Kd3 Nf4+ 46.Kd4 Ne6+ 0-1

[Event "2nd EUR-ch"]
[Site "Ohrid MKD"]
[Date "2001.06.01"]
[Round "1"]
[White "Vaisser, Anatoli"]
[Black "Ulker, Ates"]
[Result "1-0"]
[WhiteElo "2540"]
[BlackElo "2332"]
[EventDate "2001.06.01"]
[PlyCount "81"]

1.d4 Nf6 2.c4 e6 3.Nc3 Bb4 4.e3 c5 5.Ne2 cxd4 6.exd4 O-O 7.a3 Be7 8.d5 d6 
9.Ng3 Nbd7 10.Be2 Nb6 11.O-O Bd7 12.b3 Rc8 13.Bb2 Re8 14.dxe6 Bxe6 15.Nb5 
d5 16.Nxa7 Ra8 17.cxd5 Qxd5 18.Nb5 Rec8 19.Nd4 Rd8 20.Bf3 Qd7 21.Re1 Bc5 
22.Nxe6 fxe6 23.Qxd7 Rxd7 24.Rxe6 Nbd5 25.Ne4 Nxe4 26.Rxe4 Nb6 27.b4 Bf8 
28.Rd1 Rc7 29.h4 Na4 30.Be5 Re7 31.Bd4 Rc7 32.Be5 Re7 33.Re3 h6 34.Bd5+ 
Kh8 35.Bb3 Nb6 36.Bd4 Nc8 37.Bc5 Rxe3 38.fxe3 Bxc5 39.Rd8+ Kh7 40.bxc5 Kg6
41.Bd5 1-0

[Event "2nd EUR-ch"]
[Site "Ohrid MKD"]
[Date "2001.06.01"]
[Round "1"]
[White "Gershon, Alik"]
[Black "Organdziev, Oliver"]
[Result "1/2-1/2"]
[WhiteElo "2539"]
[BlackElo "2322"]
[EventDate "2001.06.01"]
[PlyCount "35"]

1.d4 d5 2.c4 Bf5 3.Nc3 e6 4.Nf3 c6 5.Bf4 Bd6 6.Bxd6 Qxd6 7.Qb3 Qe7 8.g3 
Nf6 9.Bg2 O-O 10.O-O Ne4 11.Rfd1 Nxc3 12.Qxc3 Be4 13.Ne5 Bxg2 14.Kxg2 Nd7 
15.Nxd7 Qxd7 16.b4 dxc4 17.Qxc4 Rfd8 18.e3 1/2-1/2

[Event "2nd EUR-ch"]
[Site "Ohrid MKD"]
[Date "2001.06.01"]
[Round "1"]
[White "Petkovski, Vlatko"]
[Black "Tymoshenko, Heorhiy"]
[Result "0-1"]
[WhiteElo "2265"]
[BlackElo "2537"]
[EventDate "2001.06.01"]
[PlyCount "56"]

1.e4 c5 2.Nf3 d6 3.d4 cxd4 4.Nxd4 Nf6 5.Nc3 a6 6.h3 e6 7.g4 b5 8.Bg2 Bb7 
9.a3 h6 10.O-O g5 11.Be3 Nbd7 12.Nde2 Ne5 13.b3 Be7 14.f4 gxf4 15.Rxf4 h5 
16.gxh5 Nxh5 17.Rf1 Qc7 18.a4 b4 19.Na2 Rg8 20.Kh1 Rxg2 21.Kxg2 Bxe4+ 22.
Kh2 Nf3+ 23.Kg2 Kd7 24.Rf2 Rg8+ 25.Kf1 Bh4 26.Nxb4 d5 27.Nxa6 Rg1+ 28.Nxg1
Ng3+ 0-1

[Event "2nd EUR-ch"]
[Site "Ohrid MKD"]
[Date "2001.06.01"]
[Round "1"]
[White "Chernyshov, Konstantin"]
[Black "Gicov, Zoran"]
[Result "1-0"]
[WhiteElo "2536"]
[BlackElo "2257"]
[EventDate "2001.06.01"]
[PlyCount "97"]

1.e4 e5 2.Nf3 Nc6 3.d4 exd4 4.Nxd4 Nf6 5.Nxc6 bxc6 6.Bd3 d5 7.exd5 cxd5 8.
O-O Be7 9.c4 d4 10.Bg5 O-O 11.Nd2 h6 12.Bh4 Ng4 13.Bxe7 Qxe7 14.Nf3 Rd8 
15.Re1 Qd6 16.b4 c5 17.bxc5 Qxc5 18.Rb1 Be6 19.h3 Nf6 20.Re5 Qc7 21.Qe2 
Rac8 22.Rb4 Rd6 23.c5 Rd5 24.Rxe6 fxe6 25.Qxe6+ Kh8 26.Nh4 Rg5 27.Ng6+ 
Rxg6 28.Bxg6 Qxc5 29.Rxd4 Rg8 30.Rc4 Qg5 31.Qf5 Qd2 32.Qc2 Qe1+ 33.Kh2 
Qe5+ 34.g3 Qb8 35.Rd4 Qb6 36.Qd2 Nh7 37.Rd6 Qc7 38.Rd7 Qb6 39.Rd6 Qc7 40.
Qd4 Nf6 41.Ra6 Ra8 42.Bf5 Qb7 43.Rxf6 gxf6 44.Be4 Qc8 45.Qxf6+ Kg8 46.Qxh6
Kf7 47.Qf4+ Kg7 48.Qe5+ Kf8 49.Bxa8 1-0

[Event "2nd EUR-ch"]
[Site "Ohrid MKD"]
[Date "2001.06.01"]
[Round "1"]
[White "Grant, Jonathan"]
[Black "Bischoff, Klaus"]
[Result "0-1"]
[WhiteElo "2218"]
[BlackElo "2533"]
[EventDate "2001.06.01"]
[PlyCount "118"]

1.c4 e6 2.Nc3 b6 3.Nf3 Bb7 4.e4 Bb4 5.Bd3 Ne7 6.O-O Nbc6 7.Bc2 Bxc3 8.bxc3
Na5 9.Qe2 c5 10.d3 O-O 11.Bg5 f6 12.Bh4 d6 13.d4 Qc7 14.Nd2 Ba6 15.Bd3 
Rae8 16.f4 Ng6 17.Bg3 f5 18.e5 dxe5 19.fxe5 Nc6 20.Nb3 cxd4 21.cxd4 Nb4 
22.Rac1 Rc8 23.Bb1 Bxc4 24.Qe1 Qe7 25.Rf3 Bd5 26.Rfc3 Rxc3 27.Qxc3 f4 28.
Be1 Qg5 29.Qh3 f3 30.Qg3 fxg2 31.Bd2 Qxg3 32.hxg3 Nc6 33.Bxg6 hxg6 34.Bf4 
g5 35.Bxg5 Rf1+ 36.Rxf1 gxf1=Q+ 37.Kxf1 Bxb3 38.axb3 Nxd4 39.b4 Nc6 40.Bd2
Nxe5 41.Ke2 Kf7 42.Bc3 Nd7 43.Kd3 a6 44.Ke4 g6 45.Bd2 Ke7 46.Kf4 e5+ 47.
Kg5 Kf7 48.Bc3 b5 49.g4 e4 50.Kf4 Nf6 51.Be1 Ke6 52.Kg5 e3 53.Kf4 e2 54.
Kg5 Nd7 55.Kf4 Ne5 56.Ke3 Nxg4+ 57.Kxe2 Kd5 58.Kf3 Ne5+ 59.Ke3 Kc4 0-1

[Event "2nd EUR-ch"]
[Site "Ohrid MKD"]
[Date "2001.06.01"]
[Round "1"]
[White "Agrest, Evgenij"]
[Black "Morrison, Chris"]
[Result "1-0"]
[WhiteElo "2532"]
[BlackElo "2176"]
[EventDate "2001.06.01"]
[PlyCount "66"]

1.d4 d6 2.e4 Nf6 3.f3 d5 4.e5 Ng8 5.Be3 e6 6.Bd3 c5 7.c3 Qb6 8.Qd2 Bd7 9.
f4 Nc6 10.Nf3 Rc8 11.dxc5 Bxc5 12.Bxc5 Qxc5 13.Na3 a6 14.Nc2 Nge7 15.h4 
Qb6 16.Rb1 Na7 17.Qe3 Qxe3+ 18.Nxe3 Bb5 19.Bc2 a5 20.h5 h6 21.Kd2 Nec6 22.
f5 Ke7 23.Rh4 Ba6 24.Rg4 Nb5 25.fxe6 d4 26.cxd4 Rhd8 27.Nf5+ Kxe6 28.Nxg7+
Ke7 29.Nf5+ Ke6 30.a4 Nxe5 31.Nxe5 Rxc2+ 32.Kxc2 Kxf5 33.Rf1+ Ke6 1-0

[Event "2nd EUR-ch"]
[Site "Ohrid MKD"]
[Date "2001.06.02"]
[Round "2"]
[White "Macieja, Bartlomiej"]
[Black "Agrest, Evgenij"]
[Result "1/2-1/2"]
[WhiteElo "2608"]
[BlackElo "2532"]
[EventDate "2001.06.01"]
[PlyCount "96"]

1.d4 Nf6 2.Nf3 e6 3.Bg5 h6 4.Bxf6 Qxf6 5.e4 d6 6.c3 Nd7 7.Nbd2 Qd8 8.Bd3 
Be7 9.Qe2 a6 10.e5 d5 11.b4 b6 12.a4 Bb7 13.Rb1 Qc8 14.O-O O-O 15.Rfc1 f6 
16.exf6 Rxf6 17.Nf1 Qe8 18.Ne3 h5 19.Re1 Bd6 20.Nf1 g6 21.Ne5 Bxe5 22.dxe5
Rf8 23.Qe3 Qf7 24.Rb2 Rfe8 25.Qg5 Nf8 26.Re3 Qe7 27.Qf4 Qf7 28.Qd4 Re7 29.
h4 Rc8 30.b5 axb5 31.axb5 Ra8 32.Rg3 Qe8 33.Re2 Rg7 34.Ree3 c5 35.bxc6 
Qxc6 36.Qf4 Ba6 37.Bxa6 Rxa6 38.Nd2 Qa4 39.Ref3 Qxf4 40.Rxf4 Ra1+ 41.Kh2 
Rf7 42.Rgf3 Rxf4 43.Rxf4 Nd7 44.Nf3 Rc1 45.Nd4 Rxc3 46.Nxe6 Rc4 47.Kg3 b5 
48.Nd4 Nxe5 1/2-1/2

[Event "2nd EUR-ch"]
[Site "Ohrid MKD"]
[Date "2001.06.02"]
[Round "2"]
[White "Avrukh, Boris"]
[Black "Burmakin, Vladimir"]
[Result "1-0"]
[WhiteElo "2600"]
[BlackElo "2522"]
[EventDate "2001.06.01"]
[PlyCount "115"]

1.d4 d5 2.c4 c6 3.Nc3 Nf6 4.e3 a6 5.Qc2 b5 6.b3 Bg4 7.Nge2 e6 8.Ng3 Bd6 9.
h3 Bh5 10.Nxh5 Nxh5 11.Be2 Nf6 12.O-O O-O 13.Rd1 Nbd7 14.Bb2 Rc8 15.Rac1 
Bb8 16.Bd3 Qc7 17.g3 Qb7 18.Bf1 Nb6 19.Ba3 Rfe8 20.Nb1 Ne4 21.Nd2 f5 22.
Nxe4 fxe4 23.Bb4 Nd7 24.Be1 e5 25.Bc3 exd4 26.Bxd4 Be5 27.cxd5 cxd5 28.Qd2
Rcd8 29.Be2 Rf8 30.Bg4 Bxd4 31.Qxd4 Nf6 32.Be6+ Kh8 33.Qc5 Rfe8 34.Bf5 Qf7
35.Qc7 Qh5 36.Be6 d4 37.Bf7 Qxh3 38.Bxe8 Rxe8 39.Rxd4 Ng4 40.Qf7 Rg8 41.
Rc5 Qh2+ 42.Kf1 Qh1+ 43.Ke2 Qb1 44.Rg5 Nh6 45.Qe7 Qxa2+ 46.Kf1 Qxb3 47.Kg2
Qc3 48.Rxe4 Qc6 49.Qe6 Qa8 50.Qd5 Qa7 51.Rge5 Qb8 52.g4 Rf8 53.g5 Ng8 54.
Rh4 Qc8 55.Qe4 h6 56.gxh6 Nxh6 57.Qg6 Rg8 58.Re7 1-0

[Event "2nd EUR-ch"]
[Site "Ohrid MKD"]
[Date "2001.06.02"]
[Round "2"]
[White "Sturua, Zurab"]
[Black "Volokytin, Andriy"]
[Result "0-1"]
[WhiteElo "2600"]
[BlackElo "2493"]
[EventDate "2001.06.01"]
[PlyCount "110"]

1.g3 Nf6 2.Bg2 g6 3.d4 Bg7 4.e4 d6 5.Nc3 O-O 6.Nge2 e5 7.O-O Nc6 8.dxe5 
Nxe5 9.b3 Bg4 10.f3 Bd7 11.Be3 Re8 12.Qd2 b5 13.Nf4 b4 14.Ncd5 Bb5 15.
Nxf6+ Bxf6 16.Rfd1 a5 17.Nd5 Bg7 18.Bg5 f6 19.Be3 Kh8 20.Rac1 c6 21.Nf4 
Nf7 22.c4 bxc3 23.Rxc3 a4 24.b4 Qe7 25.a3 Ne5 26.Qc1 g5 27.Nh5 Be2 28.Nxg7
Kxg7 29.f4 Bxd1 30.Qxd1 Nf7 31.Rxc6 Rec8 32.b5 Rxc6 33.bxc6 gxf4 34.gxf4 
d5 35.e5 Kh8 36.Bd4 Qe6 37.Qc2 Qg4 38.exf6 Qxf4 39.Qc3 Rb8 40.Bf2 Rb1+ 41.
Bf1 Rc1 42.Qe3 Qxe3 43.Bxe3 Rxc6 44.Bd4 Rc2 45.Bb5 Kg8 46.h4 Nd6 47.Bd7 
Kf7 48.Bg4 Rc4 49.Bh5+ Kf8 50.Be5 Nf7 51.Bg3 Rc6 52.Bf3 Rc3 53.Kg2 Rxa3 
54.Bxd5 Rd3 55.Be6 Rd2+ 0-1

[Event "2nd EUR-ch"]
[Site "Ohrid MKD"]
[Date "2001.06.02"]
[Round "2"]
[White "De Vreugt, Dennis"]
[Black "Markowski, Tomasz"]
[Result "1-0"]
[WhiteElo "2460"]
[BlackElo "2592"]
[EventDate "2001.06.01"]
[PlyCount "101"]

1.e4 e5 2.Nf3 Nc6 3.Bb5 Nf6 4.O-O Nxe4 5.d4 Nd6 6.Bxc6 dxc6 7.dxe5 Nf5 8.
Qxd8+ Kxd8 9.Nc3 Ne7 10.b3 Ng6 11.h3 Ke8 12.Bb2 h5 13.Ne4 h4 14.Rae1 Nf4 
15.Nd4 Rh5 16.Kh2 Bd7 17.Bc1 Ne6 18.Nxe6 Bxe6 19.Ng5 Rd8 20.Nxe6 fxe6 21.
g4 hxg3+ 22.fxg3 Rd5 23.Bf4 Rf5 24.g4 Rf7 25.Kg3 Bb4 26.Re4 Bd2 27.h4 c5 
28.Rf2 Ba5 29.h5 Rd1 30.Kg2 Bc3 31.Rf3 Bb2 32.Be3 Bd4 33.Bxd4 cxd4 34.Rd3 
Rff1 35.Rexd4 Rg1+ 36.Kf3 Rdf1+ 37.Ke2 Re1+ 38.Kd2 Rd1+ 39.Ke3 Rxd3+ 40.
cxd3 Rf1 41.Rc4 c6 42.a4 Rb1 43.b4 Ke7 44.Kf4 Rd1 45.Rd4 Ra1 46.a5 Ra4 47.
Re4 b6 48.axb6 axb6 49.Kg5 Kf7 50.Rf4+ Kg8 51.Kg6 1-0

[Event "2nd EUR-ch"]
[Site "Ohrid MKD"]
[Date "2001.06.02"]
[Round "2"]
[White "Anastasian, Ashot"]
[Black "Brendel, Oliver"]
[Result "1/2-1/2"]
[WhiteElo "2574"]
[BlackElo "2389"]
[EventDate "2001.06.01"]
[PlyCount "67"]

1.d4 Nf6 2.c4 g6 3.Nc3 d5 4.Bg5 Ne4 5.Bh4 Nxc3 6.bxc3 c5 7.e3 Bg7 8.Nf3 
cxd4 9.cxd4 Nc6 10.Rc1 O-O 11.cxd5 Qxd5 12.Bc4 Qa5+ 13.Qd2 Qxd2+ 14.Nxd2 
Na5 15.Bd3 e6 16.Be4 Bd7 17.Nb3 Rac8 18.Ke2 Nxb3 19.axb3 Bb5+ 20.Kd2 Ba6 
21.Bg3 Rfe8 22.Rxc8 Rxc8 23.Rc1 Rxc1 24.Kxc1 f5 25.Bf3 g5 26.Bb8 g4 27.Bd1
Bf1 28.g3 a6 29.Bd6 Kf7 30.Kd2 Ke8 31.Be2 Bg2 32.b4 Kd7 33.Bc5 Kc7 34.Bd3 
1/2-1/2

[Event "2nd EUR-ch"]
[Site "Ohrid MKD"]
[Date "2001.06.02"]
[Round "2"]
[White "Basagic, Zlatko"]
[Black "Stefansson, Hannes Hlifar"]
[Result "1-0"]
[WhiteElo "2345"]
[BlackElo "2570"]
[EventDate "2001.06.01"]
[PlyCount "116"]

1.e4 c5 2.c3 d5 3.exd5 Qxd5 4.Nf3 Nf6 5.Na3 e6 6.d4 Qd8 7.Nc2 Be7 8.Bg5 
O-O 9.Bd3 Nbd7 10.Qe2 b6 11.Rd1 Qc7 12.O-O Bb7 13.Rfe1 Rad8 14.Ne5 cxd4 
15.cxd4 Nxe5 16.dxe5 Nd5 17.Qe4 g6 18.Qh4 Bxg5 19.Qxg5 Qe7 20.Qh6 Nb4 21.
Re3 f5 22.Nxb4 Qxb4 23.Rg3 Qe7 24.Rc1 Rd4 25.Bf1 Rfd8 26.Rgc3 a6 27.Rc7 
R8d7 28.Rxd7 Qxd7 29.Qe3 b5 30.Rc7 Qxc7 31.Qxd4 Kg7 32.Qa7 g5 33.a4 bxa4 
34.Bxa6 Qc1+ 35.Bf1 Qc6 36.Qd4 h6 37.Qd8 g4 38.Qf6+ Kh7 39.Qf7+ Kh8 40.Qg6
Qd5 41.Qxh6+ Kg8 42.Qf4 Bc6 43.Qc4 Qd7 44.Qf4 Kf7 45.Qc4 Qb7 46.Qd4 Bd5 
47.h3 gxh3 48.gxh3 Qc6 49.Kh2 Kg6 50.h4 Qc1 51.Bg2 Bxg2 52.Kxg2 Kh5 53.
Qxa4 Qxb2 54.Qe8+ Kxh4 55.Qxe6 Qb7+ 56.Kh2 Qh7 57.Qc4+ Kg5+ 58.Kg3 Qe7 1-0

[Event "2nd EUR-ch"]
[Site "Ohrid MKD"]
[Date "2001.06.02"]
[Round "2"]
[White "Gdanski, Jacek"]
[Black "Short, Nigel David"]
[Result "1/2-1/2"]
[WhiteElo "2528"]
[BlackElo "2676"]
[EventDate "2001.06.01"]
[PlyCount "52"]

1.e4 e6 2.d4 d5 3.Nc3 Nf6 4.e5 Nfd7 5.f4 c5 6.Nf3 Qb6 7.Be3 a6 8.a3 Qa7 9.
Ne2 Nc6 10.c3 b5 11.dxc5 Bxc5 12.Bxc5 Nxc5 13.Ned4 Bd7 14.Bd3 Na5 15.Bc2 
Nc4 16.Qc1 Rc8 17.O-O h6 18.Kh1 O-O 19.Rb1 Qc7 20.Qe1 a5 21.Qe2 Rb8 22.Nd2
f6 23.b4 Nxd2 24.Qxd2 Ne4 25.Bxe4 dxe4 26.Qa2 Qxc3 1/2-1/2

[Event "2nd EUR-ch"]
[Site "Ohrid MKD"]
[Date "2001.06.02"]
[Round "2"]
[White "Yegiazarian, Arsen"]
[Black "Tkachiev, Vladislav"]
[Result "1/2-1/2"]
[WhiteElo "2529"]
[BlackElo "2672"]
[EventDate "2001.06.01"]
[PlyCount "38"]

1.e4 e5 2.Nf3 Nc6 3.Bb5 a6 4.Bxc6 dxc6 5.O-O Ne7 6.Nxe5 Qd4 7.Qh5 g6 8.Qg5
Bg7 9.Nf3 Qxe4 10.Re1 Qb4 11.b3 h6 12.Qg3 Qd6 13.Nc3 Be6 14.Bb2 Qxg3 15.
hxg3 O-O-O 16.Na4 Bxb2 17.Nxb2 Nf5 18.d3 Rhe8 19.Nc4 Bxc4 1/2-1/2

[Event "2nd EUR-ch"]
[Site "Ohrid MKD"]
[Date "2001.06.02"]
[Round "2"]
[White "Savchenko, Stanislav"]
[Black "Vaganian, Rafael"]
[Result "1/2-1/2"]
[WhiteElo "2517"]
[BlackElo "2641"]
[EventDate "2001.06.01"]
[PlyCount "23"]

1.d4 d5 2.c4 e6 3.Nc3 Be7 4.Nf3 Nf6 5.Bf4 O-O 6.e3 Nbd7 7.c5 c6 8.Bd3 b6 
9.b4 a5 10.a3 Ba6 11.O-O Qc8 12.h3 1/2-1/2

[Event "2nd EUR-ch"]
[Site "Ohrid MKD"]
[Date "2001.06.02"]
[Round "2"]
[White "Kuczynski, Robert"]
[Black "Piket, Jeroen"]
[Result "1-0"]
[WhiteElo "2509"]
[BlackElo "2628"]
[EventDate "2001.06.01"]
[PlyCount "111"]

1.e4 c6 2.d4 d5 3.Nd2 dxe4 4.Nxe4 Bf5 5.Ng3 Bg6 6.h4 h6 7.Nf3 Nd7 8.h5 Bh7
9.Bd3 Bxd3 10.Qxd3 e6 11.Bf4 Qa5+ 12.Bd2 Qc7 13.O-O-O Ngf6 14.Ne4 O-O-O 
15.g3 Nxe4 16.Qxe4 Nf6 17.Qe2 Bd6 18.c4 c5 19.Bc3 cxd4 20.Nxd4 a6 21.Nf3 
Qc6 22.Rh4 Bc7 23.Rxd8+ Rxd8 24.Ne5 Bxe5 25.Qxe5 Rd3 26.Qe2 Rd7 27.Bxf6 
gxf6 28.Rg4 Kc7 29.Rf4 Qc5 30.a3 Kd8 31.Qf3 f5 32.Kb1 a5 33.Qc3 Kc7 34.Ka2
b6 35.Qf3 Rd2 36.Qa8 e5 37.Rh4 Qxf2 38.Qa7+ Kd8 39.Qb8+ Kd7 40.Qxe5 Qc5 
41.Qf6 a4 42.Qxf7+ Kd8 43.Qf6+ Kc8 44.Rf4 Kb7 45.Qf7+ Ka6 46.Qe8 Kb7 47.
Qxa4 Rxb2+ 48.Kxb2 Qe5+ 49.Kc2 Qe2+ 50.Kc1 Qe3+ 51.Kd1 Qd3+ 52.Ke1 Qxg3+ 
53.Rf2 Qg1+ 54.Ke2 Qg4+ 55.Kd2 Qd4+ 56.Ke1 1-0

[Event "2nd EUR-ch"]
[Site "Ohrid MKD"]
[Date "2001.06.02"]
[Round "2"]
[White "Tregubov, Pavel"]
[Black "Shneider, Alexander"]
[Result "1-0"]
[WhiteElo "2628"]
[BlackElo "2516"]
[EventDate "2001.06.01"]
[PlyCount "143"]

1.d4 Nf6 2.c4 e6 3.Nf3 b6 4.g3 Ba6 5.Nbd2 d5 6.Bg2 Be7 7.O-O O-O 8.Ne5 Bb7
9.b3 a5 10.Bb2 a4 11.bxa4 Qe8 12.cxd5 exd5 13.Rc1 Bd6 14.Nec4 Qxa4 15.Nxd6
cxd6 16.a3 Nc6 17.Nb1 Qxd1 18.Rfxd1 Na5 19.Bc3 Nc4 20.Bb4 b5 21.Nd2 Ra6 
22.Nxc4 bxc4 23.f3 Re8 24.Kf2 h5 25.Re1 Bc8 26.e4 dxe4 27.fxe4 Bb7 28.e5 
Ng4+ 29.Kg1 Bxg2 30.Kxg2 d5 31.h3 Nh6 32.Rf1 g6 33.Rf4 Nf5 34.g4 Ng7 35.
Rcf1 Ra7 36.R4f3 h4 37.Bc5 Rb7 38.a4 Ra8 39.Ra3 Ra5 40.Kf3 Ne6 41.Ke3 Rb2 
42.Rf2 Rb1 43.Rfa2 Rh1 44.Bb6 Ra6 45.a5 Rxh3+ 46.Kd2 Rh1 47.Ra1 Rh2+ 48.
Kc3 Rg2 49.R1a2 Rxg4 50.Kb4 Ra8 51.a6 Nxd4 52.Kc5 Nb3+ 53.Kxd5 h3 54.a7 
Nc1 55.Rh2 Nd3 56.Kc6 Nxe5+ 57.Kb7 Rxa7+ 58.Bxa7 Nd3 59.Rxh3 f5 60.Kc6 Kf7
61.Bb8 Re4 62.Bd6 Ke6 63.Rh8 Ne5+ 64.Bxe5 Kxe5 65.Rg8 Rg4 66.Kc5 g5 67.
Re8+ Kf4 68.Rd8 Rg1 69.Rd4+ Ke5 70.Re3+ Kf6 71.Rd6+ Kf7 72.Rh3 1-0

[Event "2nd EUR-ch"]
[Site "Ohrid MKD"]
[Date "2001.06.02"]
[Round "2"]
[White "Nedev, Trajce"]
[Black "Baklan, Volodymyr"]
[Result "1/2-1/2"]
[WhiteElo "2514"]
[BlackElo "2613"]
[EventDate "2001.06.01"]
[PlyCount "98"]

1.e4 e5 2.Nf3 Nc6 3.d4 exd4 4.Nxd4 Bc5 5.Be3 Qf6 6.c3 Nge7 7.Bc4 O-O 8.O-O
Bb6 9.Kh1 Qg6 10.Nd2 Nxd4 11.Bxd4 Bxd4 12.cxd4 Qb6 13.Nb3 a5 14.d5 a4 15.
Nd4 c5 16.Nb5 Ra5 17.Qe2 d6 18.f4 Re8 19.Nc3 Nf5 20.Qd2 Nd4 21.Rae1 Qb4 
22.Bd3 a3 23.b3 Ra8 24.Re3 Bd7 25.Rfe1 Re7 26.e5 Rae8 27.e6 fxe6 28.dxe6 
Rxe6 29.Bc4 b5 30.Bxe6+ Rxe6 31.Rxe6 Bxe6 32.f5 Bf7 33.Rf1 h6 34.f6 g5 35.
Qe3 Ne6 36.Nd5 Qd4 37.Ne7+ Kf8 38.Qf3 d5 39.Nxd5 Bg6 40.Ne7 Be4 41.Qh3 Nf4
42.Ng6+ Nxg6 43.Qxh6+ Kf7 44.Qh7+ Ke6 45.Qg8+ Kd7 46.Qf7+ Kd6 47.Rg1 Qd5 
48.Qe8 Nf4 49.h4 Nxg2 1/2-1/2

[Event "2nd EUR-ch"]
[Site "Ohrid MKD"]
[Date "2001.06.02"]
[Round "2"]
[White "Alexandrov, Alexei"]
[Black "Acs, Peter"]
[Result "1-0"]
[WhiteElo "2610"]
[BlackElo "2509"]
[EventDate "2001.06.01"]
[PlyCount "125"]

1.c4 Nf6 2.Nc3 e5 3.Nf3 Nc6 4.g3 Bb4 5.Nd5 Bc5 6.Bg2 d6 7.d3 h6 8.Nd2 Nxd5
9.cxd5 Ne7 10.b4 Bb6 11.O-O O-O 12.Nc4 Bd4 13.Rb1 a6 14.Kh1 f5 15.e3 Ba7 
16.f4 exf4 17.gxf4 c6 18.dxc6 bxc6 19.Rf3 d5 20.Ne5 Rb8 21.Rg3 Qd6 22.a3 
d4 23.e4 Rb7 24.Bd2 Qf6 25.Qh5 Bd7 26.Rg1 Be8 27.Qd1 Kh8 28.Qc2 Bb8 29.Qc5
Rb5 30.Qxd4 Rxe5 31.fxe5 Bxe5 32.Qc5 Bxg3 33.hxg3 fxe4 34.Rf1 Nf5 35.Kg1 
Rf7 36.dxe4 Qd4+ 37.Qxd4 Nxd4 38.Rxf7 Bxf7 39.Kf2 Bc4 40.a4 Kg8 41.e5 Bd5 
42.Bxd5+ cxd5 43.Ke3 Ne6 44.b5 axb5 45.axb5 Kf7 46.b6 Nd8 47.Kd4 Ke6 48.
Kc5 g5 49.g4 Kxe5 50.Bc3+ Ke4 51.Bg7 Nb7+ 52.Kc6 Na5+ 53.Kc7 d4 54.Bxh6 
Kf4 55.Bf8 d3 56.Bb4 Nb3 57.Kd6 d2 58.Bxd2+ Nxd2 59.b7 Kxg4 60.b8=Q Nf3 
61.Kd5 Kh3 62.Ke4 g4 63.Kf4 1-0